El “jubilado-deudor-consumidor”, la protección de sus intereses económicos y la seguridad jurídica (Registro nro. 33888)

Detalles MARC
000 -LEADER
fixed length control field 00395 a2200109 4500
001 - CONTROL NUMBER
control field ART_57513
005 - DATE AND TIME OF LATEST TRANSACTION
control field 20260410162030.0
008 - FIXED-LENGTH DATA ELEMENTS--GENERAL INFORMATION
fixed length control field 260409a
100 1# - MAIN ENTRY--PERSONAL NAME
Personal name Rossi, Jorge O.
245 10 - TITLE STATEMENT
Title El “jubilado-deudor-consumidor”, la protección de sus intereses económicos y la seguridad jurídica
773 0# - HOST ITEM ENTRY
Title Temas de derecho procesal
Related parts - Año 6, N° 12 (dic. 2022)
Record control number REV44095

No hay ítems disponibles.